<?xml version="1.0" encoding="UTF-8"?>
<record
    xmlns:xsi="http://www.w3.org/2001/XMLSchema-instance"
    xsi:schemaLocation="http://www.loc.gov/MARC21/slim http://www.loc.gov/standards/marcxml/schema/MARC21slim.xsd"
    xmlns="http://www.loc.gov/MARC21/slim">

  <leader>00646nam a2200229 i 4500</leader>
  <controlfield tag="001">BINCO</controlfield>
  <controlfield tag="003">CO-MdBIC</controlfield>
  <controlfield tag="005">20240610163857.0</controlfield>
  <controlfield tag="008">221012b2022    ck a|||| |||| 00| 0 spa d</controlfield>
  <datafield tag="020" ind1=" " ind2=" ">
    <subfield code="a">9789583373077</subfield>
  </datafield>
  <datafield tag="040" ind1=" " ind2=" ">
    <subfield code="a">CO-MdBIC</subfield>
    <subfield code="b">spa.</subfield>
    <subfield code="c">CO-MdBIC</subfield>
    <subfield code="d">CO-MdBIC</subfield>
  </datafield>
  <datafield tag="041" ind1=" " ind2=" ">
    <subfield code="a">spa</subfield>
  </datafield>
  <datafield tag="082" ind1=" " ind2=" ">
    <subfield code="2">23</subfield>
    <subfield code="a">808.8</subfield>
    <subfield code="b">OB13</subfield>
  </datafield>
  <datafield tag="100" ind1=" " ind2=" ">
    <subfield code="a">Obregon S., Elkin, </subfield>
    <subfield code="d">(1940-2021)</subfield>
  </datafield>
  <datafield tag="245" ind1=" " ind2=" ">
    <subfield code="a">Cuentos solidarios</subfield>
    <subfield code="c">/ Elkin Obregon S.</subfield>
  </datafield>
  <datafield tag="264" ind1=" " ind2=" ">
    <subfield code="a">Medell&#xED;n, Antioquia : </subfield>
    <subfield code="b">Confiar Cooperativa Financiera,</subfield>
    <subfield code="c">[2022]</subfield>
  </datafield>
  <datafield tag="264" ind1=" " ind2=" ">
    <subfield code="c">&#xA9;2022</subfield>
  </datafield>
  <datafield tag="300" ind1=" " ind2=" ">
    <subfield code="a">128 p&#xE1;ginas :</subfield>
    <subfield code="c">20 cm.</subfield>
  </datafield>
  <datafield tag="690" ind1=" " ind2=" ">
    <subfield code="a">Micro historias</subfield>
  </datafield>
  <datafield tag="690" ind1=" " ind2=" ">
    <subfield code="a">Literatura juvenil</subfield>
  </datafield>
  <datafield tag="942" ind1=" " ind2=" ">
    <subfield code="c">LGB</subfield>
  </datafield>
  <datafield tag="952" ind1=" " ind2=" ">
    <subfield code="0">0</subfield>
    <subfield code="1">0</subfield>
    <subfield code="2">ddc</subfield>
    <subfield code="4">0</subfield>
    <subfield code="7">0</subfield>
    <subfield code="8">GEN</subfield>
    <subfield code="a">BINCO</subfield>
    <subfield code="b">BINCO</subfield>
    <subfield code="d">2022-10-12</subfield>
    <subfield code="l">0</subfield>
    <subfield code="o">808.8 OB13cu</subfield>
    <subfield code="p">B00041</subfield>
    <subfield code="r">2022-10-12 00:00:00</subfield>
    <subfield code="w">2022-10-12</subfield>
    <subfield code="y">LGB</subfield>
    <subfield code="B"></subfield>
    <subfield code="k">12</subfield>
  </datafield>
  <datafield tag="999" ind1=" " ind2=" ">
    <subfield code="c">68287</subfield>
    <subfield code="d">68287</subfield>
  </datafield>
</record>
